| 000 | 01211nam a2200229Ia 4500 | ||
|---|---|---|---|
| 001 | L268-28675 | ||
| 003 | IT-CnALBA | ||
| 008 | 170116s9999||||xx |||||||||||||| ||und|| | ||
| 040 |
_aIT-CnALBA _cIT-CnALBA |
||
| 041 | _aITALIANO | ||
| 100 | _aREY-MERMET THEODULE | ||
| 245 | 0 | _aCREDERE. VOL. II: LA FEDE CELEBRATA NEI SACRAMENTI. | |
| 250 | _a1a ed. | ||
| 260 |
_a BOLOGNA - NAPOLI _bDEHONIANE EDIZIONI _c1979 [1° Ed.:1979 - Ed.Ling.Originale: 1977] |
||
| 300 | _a437 p. | ||
| 500 | _aTRADUZIONE DAL FRANCESE DI GIROLAMO CARRARO E LUISITO BIANCHI. FONTI DEI SACRAMENTI. LA CHIESA. BATTESIMO. CONFERMAZIONE. EUCARISTIA: SIMBOLI, PREPARAZIONI, COMPIMENTO, CELEBRAZIONE. ORDINE SACRO, SACERDOZIO. RICONCILIAZIONE. I MALATI. MATRIMONIO. CELIBAT | ||
| 501 | _aSocietà San Paolo EM - Piazza San Paolo, 14 - 12051 ALBA (CN) (non commercial uses only) ® Copyright 2017 | ||
| 520 | _aTRADUZIONE DAL FRANCESE DI GIROLAMO CARRARO E LUISITO BIANCHI. FONTI DEI SACRAMENTI. LA CHIESA. BATTESIMO. CONFERMAZIONE. EUCARISTIA: SIMBOLI, PREPARAZIONI, COMPIMENTO, CELEBRAZIONE. ORDINE SACRO, SACERDOZIO. RICONCILIAZIONE. I MALATI. MATRIMONIO. CELIBAT | ||
| 650 | _aCATECHESI | ||
| 942 | _cBK | ||
| 957 | _71 | ||
| 999 |
_a33444 _bNO _g Copie: 1 _c287622 _d287622 |
||